[Event "Mittelrhein Verbandsliga-N 17/18"]
[Site "Nordrheinwestfalen"]
[Date "2017.11.12"]
[Round "4.1"]
[White "Keller, Karsten"]
[Black "Wimmer, Juergen"]
[Result "0-1"]
[WhiteElo "2130"]
[BlackElo "2229"]
[PlyCount "102"]
[EventDate "2017.09.10"]
[EventType "team-swiss"]
[EventRounds "11"]
[EventCountry "GER"]
[SourceTitle "EXT 2022"]
[Source "ChessBase"]
[SourceDate "2021.10.06"]
[SourceVersion "1"]
[SourceVersionDate "2021.10.06"]
[SourceQuality "1"]
[WhiteTeam "Langenfeld II"]
[BlackTeam "Dormagen SV"]
[WhiteTeamCountry "GER"]
[BlackTeamCountry "GER"]

1. Nf3 d6 2. d4 g6 3. c4 Bg7 4. Nc3 Nd7 5. e4 e5 6. Be2 Ne7 7. h4 exd4 8. Nxd4 Nc5 9. h5 Nc6 10. Be3 Ne6 11. Nxc6 bxc6 12. Qd2 c5 13. Bg4 Rb8 14. b3 Bb7 15. Bxe6 fxe6 16. Bg5 Qd7 17. hxg6 hxg6 18. 0-0-0 Qf7 19. f3 Bc6 20. Kc2 Kd7 21. Ne2 Rxh1 22. Rxh1 Rh8 23. Rxh8 Bxh8 24. Qf4 Qg7 25. Kd3 Kc8 26. Bh6 Qa1 27. Qd2 Qf1 28. Qf4 Bd4 29. Qc1 Qxg2 30. Nxd4 cxd4 31. Qd1 e5 32. Bd2 Bd7 33. Qe2 Qh1 34. Be1 Bh3 35. Qf2 Bf1+ 36. Kd2 Bg2 37. Ke2 g5 38. Bd2 g4 39. fxg4 Bxe4 40. Be1 Bc6 41. Kd2 Bd7 42. c5 Qh6+ 43. Kc2 dxc5 44. Qg2 Bc6 45. Qg3 Qg6+ 46. Kb2 Qe4 47. Qf2 Qxg4 48. Qf8+ Kb7 49. Ba5 Qe2+ 50. Ka3 Qc2 51. Bc3 dxc3 0-1

[Event "Mittelrhein Verbandsliga-M 16/17"]
[Site "Nordrheinwestfalen"]
[Date "2017.03.19"]
[Round "9.1"]
[White "Lambertz, Michael"]
[Black "Keller, Karsten"]
[Result "1/2-1/2"]
[WhiteElo "1931"]
[BlackElo "2131"]
[PlyCount "117"]
[EventDate "2016.09.11"]
[EventType "team-tourn"]
[EventRounds "11"]
[EventCountry "GER"]
[SourceTitle "EXT 2022"]
[Source "ChessBase"]
[SourceDate "2021.10.06"]
[SourceVersion "1"]
[SourceVersionDate "2021.10.06"]
[SourceQuality "1"]
[WhiteTeam "Esch SF"]
[BlackTeam "Langenfeld II"]
[WhiteTeamCountry "GER"]
[BlackTeamCountry "GER"]

1. e4 c5 2. c3 Nf6 3. e5 Nd5 4. Bc4 Nb6 5. Bb3 Nc6 6. Nf3 c4 7. Bc2 d5 8. exd6 Qxd6 9. 0-0 Bg4 10. h3 Bh5 11. b3 0-0-0 12. Na3 Qf6 13. Nxc4 Nxc4 14. bxc4 Ne5 15. Be4 Bxf3 16. Bxf3 Nxf3+ 17. Qxf3 Qxf3 18. gxf3 Rd3 19. Kg2 e6 20. Re1 Bc5 21. Rb1 Rhd8 22. Re2 R8d6 23. Rb5 b6 24. Rb3 a5 25. Rb5 a4 26. Rb1 Kc7 27. Rb5 e5 28. Rxe5 Rg6+ 29. Kf1 Rxf3 30. d4 Bd6 31. Re3 Rgf6 32. Rxf3 Rxf3 33. Be3 Rxh3 34. c5 bxc5 35. dxc5 Be5 36. Ra5 Rh4 37. Ra7+ Kc6 38. Rxf7 Rh1+ 39. Kg2 Ra1 40. Bd4 Bf6 41. Bxf6 gxf6 42. Rxf6+ Kxc5 43. Rh6 Kc4 44. Rxh7 Kxc3 45. Rc7+ Kb2 46. f4 Kxa2 47. f5 Rb1 48. Ra7 a3 49. Kf3 Rf1+ 50. Ke4 Kb2 51. Ke5 a2 52. f6 Rf3 53. Rxa2+ Kxa2 54. Ke6 Re3+ 55. Kd7 Kb3 56. f7 Rd3+ 57. Ke7 Rf3 58. f8Q Rxf8 59. Kxf8 1/2-1/2

[Event "Mittelrhein Verbandsliga-M 15/16"]
[Site "Nordrheinwestfalen"]
[Date "2016.01.10"]
[Round "6.1"]
[White "Keller, Karsten"]
[Black "Wimmer, Juergen"]
[Result "0-1"]
[WhiteElo "2118"]
[BlackElo "2139"]
[PlyCount "130"]
[EventDate "2015.09.06"]
[EventType "team-tourn"]
[EventRounds "11"]
[EventCountry "GER"]
[SourceTitle "EXT 2022"]
[Source "ChessBase"]
[SourceDate "2021.10.06"]
[SourceVersion "1"]
[SourceVersionDate "2021.10.06"]
[SourceQuality "1"]
[WhiteTeam "Langenfeld II"]
[BlackTeam "Dormagen SV"]
[WhiteTeamCountry "GER"]
[BlackTeamCountry "GER"]

1. Nf3 d6 2. d4 g6 3. c4 Bg7 4. Nc3 Bg4 5. g3 Bxf3 6. exf3 e6 7. Bg2 Ne7 8. 0-0 0-0 9. f4 c6 10. Be3 d5 11. b3 Nd7 12. Rc1 Re8 13. g4 Rc8 14. cxd5 cxd5 15. Qd3 Nc6 16. Ne2 Nf6 17. Bf3 Qb6 18. f5 exf5 19. gxf5 Ne4 20. fxg6 hxg6 21. Nf4 Qd8 22. Rfd1 a6 23. Qf1 Qd6 24. Qg2 Nxd4 25. Rxc8 Rxc8 26. Nxd5 Qxd5 27. Rxd4 Bxd4 28. Bxe4 Qe5 29. Bxb7 Rc2 30. Bd5 Kg7 31. Qf3 Bxe3 32. Qxf7+ Kh6 33. Qf8+ Qg7 34. Qxg7+ Kxg7 35. fxe3 Rxa2 36. b4 Rb2 37. Bc4 Rxb4 38. Bxa6 Rb2 39. Bc4 Kf6 40. h3 Kg5 41. Kf1 Kh4 42. Be6 Kg3 43. Bg4 g5 44. Ke1 Rh2 45. Kf1 Rd2 46. Ke1 Rb2 47. Kf1 Rh2 48. Ke1 Rf2 49. Kd1 Ra2 50. Ke1 Kg2 51. e4 Ra4 52. Bf5 Kf3 53. Kd2 Rd4+ 54. Ke1 Rd3 55. Bg6 Re3+ 56. Kf1 Kf4 57. Bf5 Kg3 58. Bg6 Kxh3 59. Kf2 Ra3 60. e5 Ra5 61. e6 Re5 62. Kf3 g4+ 63. Kf4 Rxe6 64. Bh5 Rf6+ 65. Kg5 g3 0-1

[Event "Mittelrhein Verbandsliga-M 15/16"]
[Site "Nordrheinwestfalen"]
[Date "2015.12.13"]
[Round "5.2"]
[White "Keller, Karsten"]
[Black "Weiser, Hans Josef"]
[Result "0-1"]
[WhiteElo "2118"]
[BlackElo "1968"]
[PlyCount "44"]
[EventDate "2015.09.06"]
[EventType "team-tourn"]
[EventRounds "11"]
[EventCountry "GER"]
[SourceTitle "EXT 2022"]
[Source "ChessBase"]
[SourceDate "2021.10.06"]
[SourceVersion "1"]
[SourceVersionDate "2021.10.06"]
[SourceQuality "1"]
[WhiteTeam "Langenfeld II"]
[BlackTeam "Bergische SF"]
[WhiteTeamCountry "GER"]
[BlackTeamCountry "GER"]

1. c4 Nf6 2. Nc3 e6 3. e4 d5 4. cxd5 exd5 5. e5 Nfd7 6. d4 Nb6 7. Bd3 c5 8. dxc5 Bxc5 9. Bf4 Nc6 10. a3 a5 11. h3 0-0 12. Nf3 Be6 13. Bxh7+ Kxh7 14. Ng5+ Kg8 15. Qh5 Bf5 16. 0-0-0 Bg6 17. Qg4 Nd4 18. Rde1 Qc8 19. Qg3 Qf5 20. Nge4 dxe4 21. Nxe4 Rac8 22. Kb1 Ne6 0-1

[Event "Mittelrhein Verbandsliga-M 15/16"]
[Site "Nordrheinwestfalen"]
[Date "2015.10.18"]
[Round "3.2"]
[White "Keller, Karsten"]
[Black "Ostenda, Eric"]
[Result "1-0"]
[WhiteElo "2150"]
[BlackElo "1988"]
[PlyCount "185"]
[EventDate "2015.09.06"]
[EventType "team-tourn"]
[EventRounds "11"]
[EventCountry "GER"]
[SourceTitle "EXT 2022"]
[Source "ChessBase"]
[SourceDate "2021.10.06"]
[SourceVersion "1"]
[SourceVersionDate "2021.10.06"]
[SourceQuality "1"]
[WhiteTeam "Langenfeld II"]
[BlackTeam "Kalker/Deutzer SG"]
[WhiteTeamCountry "GER"]
[BlackTeamCountry "GER"]

1. Nf3 Nf6 2. c4 e6 3. Nc3 d5 4. d4 Be7 5. Bg5 0-0 6. e3 b6 7. Be2 Bb7 8. Bxf6 Bxf6 9. cxd5 exd5 10. Qb3 Re8 11. 0-0 c6 12. Rad1 Na6 13. Rfe1 Nc7 14. Bd3 Ne6 15. Qc2 g6 16. b4 Rc8 17. Qb3 Re7 18. Bf1 c5 19. dxc5 Bxc3 20. Qxc3 bxc5 21. bxc5 Nxc5 22. Qa3 Ne4 23. Rc1 Rec7 24. Qa5 Rxc1 25. Qxd8+ Rxd8 26. Rxc1 Rc8 27. Rb1 Nd6 28. Nd4 Kg7 29. Nb5 Nxb5 30. Rxb5 Ba6 31. Ra5 Bxf1 32. Kxf1 Rc7 33. Rxd5 Kf6 34. Ra5 Ke6 35. g4 Rb7 36. Ke2 Rd7 37. e4 f6 38. h4 Rb7 39. Ra6+ Kf7 40. Ke3 Rd7 41. g5 fxg5 42. hxg5 Rb7 43. f4 Rc7 44. Kd4 Rd7+ 45. Kc5 Rc7+ 46. Kb5 Re7 47. Ra4 Rc7 48. Rc4 a6+ 49. Kb4 a5+ 50. Kb5 Rb7+ 51. Ka6 Rb8 52. Ra4 Ra8+ 53. Kb5 Rb8+ 54. Kxa5 Rb2 55. Ka6 Ke6 56. Ka7 Ke7 57. Ka8 Kf8 58. a3 Rb3 59. Ra7 Kg8 60. a4 Rb4 61. a5 Rb5 62. e5 Kf8 63. e6 Ke8 64. Rxh7 Rxa5+ 65. Kb7 Rf5 66. Kc6 Rxf4 67. Kd6 Rd4+ 68. Ke5 Rd1 69. Kf6 Rf1+ 70. Kxg6 Rf2 71. Rf7 Re2 72. Kg7 Rxe6 73. g6 Re1 74. Kg8 Rg1 75. g7 Rg2 76. Rf6 Rg1 77. Re6+ Kd7 78. Re4 Rh1 79. Kf7 Rf1+ 80. Kg6 Rg1+ 81. Kf6 Rf1+ 82. Kg6 Rg1+ 83. Kf7 Rf1+ 84. Kg8 Rh1 85. Re5 Kd6 86. Ra5 Ke7 87. Ra7+ Ke8 88. Rf7 Rh2 89. Rf5 Ke7 90. Re5+ Kf6 91. Re1 Ra2 92. Rh1 Kg6 93. Kh8 1-0

[Event "Mittelrhein Verbandsliga-M 15/16"]
[Site "Nordrheinwestfalen"]
[Date "2015.09.06"]
[Round "1.1"]
[White "Keller, Karsten"]
[Black "Wieferig, Wolfgang"]
[Result "0-1"]
[WhiteElo "2157"]
[BlackElo "2218"]
[PlyCount "114"]
[EventDate "2015.09.06"]
[EventType "team-tourn"]
[EventRounds "11"]
[EventCountry "GER"]
[SourceTitle "EXT 2022"]
[Source "ChessBase"]
[SourceDate "2021.10.06"]
[SourceVersion "1"]
[SourceVersionDate "2021.10.06"]
[SourceQuality "1"]
[WhiteTeam "Langenfeld II"]
[BlackTeam "Eikamp Freibauer"]
[WhiteTeamCountry "GER"]
[BlackTeamCountry "GER"]

1. Nf3 d5 2. d4 c6 3. c4 dxc4 4. e3 Bg4 5. Bxc4 Bxf3 6. Qxf3 e6 7. 0-0 Nf6 8. Rd1 Nbd7 9. Nc3 Be7 10. e4 0-0 11. Bg5 Re8 12. a4 Qa5 13. e5 Nd5 14. Bxe7 Rxe7 15. Ne4 Nb4 16. Nd6 Nf8 17. Qc3 c5 18. Bd3 cxd4 19. Qxd4 Nc6 20. Nc4 Qc7 21. Qc5 Nd7 22. Qa3 Ndxe5 23. Nxe5 Qxe5 24. Bb5 Rc7 25. Rac1 g6 26. Rc5 Qf6 27. Qg3 Rd8 28. Rxd8+ Qxd8 29. h4 Qe7 30. Bxc6 Qxc5 31. Qxc7 Qxc6 32. Qb8+ Kg7 33. Qxa7 Qc1+ 34. Kh2 Qxb2 35. Qc5 e5 36. f3 Qd4 37. Qe7 b6 38. Kh3 h5 39. g4 Qf4 40. Qa3 e4 41. gxh5 exf3 42. hxg6 f2 43. Qa1+ Kxg6 44. Kg2 f1Q+ 45. Qxf1 Qxf1+ 46. Kxf1 Kh5 47. Ke2 Kxh4 48. Kd3 f5 49. Kc4 f4 50. Kb5 f3 51. Kxb6 f2 52. a5 f1Q 53. a6 Qb1+ 54. Kc7 Qc2+ 55. Kb8 Qb3+ 56. Ka8 Qd5+ 57. Kb8 Qb5+ 0-1

[Event "Mittelrhein Regionalliga 1314"]
[Site "Mittelrhein"]
[Date "2014.02.09"]
[Round "7.1"]
[White "Van Dooren, Dirk"]
[Black "Keller, Karsten"]
[Result "1-0"]
[WhiteElo "2253"]
[BlackElo "2080"]
[PlyCount "61"]
[EventDate "2013.09.15"]
[EventType "team-tourn"]
[EventRounds "11"]
[EventCountry "GER"]
[SourceTitle "EXT 2023"]
[Source "ChessBase"]
[SourceDate "2022.10.05"]
[SourceVersion "1"]
[SourceVersionDate "2022.10.05"]
[SourceQuality "1"]
[WhiteTeam "Aachen DJK Aufwaerts II"]
[BlackTeam "Langenfeld II"]
[WhiteTeamCountry "GER"]
[BlackTeamCountry "GER"]

1. e4 e6 2. b3 d5 3. Bb2 Nf6 4. e5 Nfd7 5. f4 b6 6. Nf3 a5 7. Nc3 Ba6 8. f5 Bc5 9. d4 Bb4 10. Bd3 a4 11. a3 Bxc3+ 12. Bxc3 axb3 13. cxb3 Qe7 14. Bc2 0-0 15. Kf2 f6 16. Re1 fxe5 17. dxe5 c5 18. Kg1 Nc6 19. fxe6 Ndb8 20. Qxd5 Rd8 21. Qe4 g6 22. Rad1 Bb7 23. Qg4 Na6 24. Rd7 Rxd7 25. exd7 Nc7 26. e6 Nd8 27. Bxg6 Ndxe6 28. Bf5+ Kf7 29. Rxe6 Nxe6 30. Bxe6+ Qxe6 31. Qg7# 1-0

[Event "Mittelrhein Regionalliga 1314"]
[Site "Mittelrhein"]
[Date "2013.10.13"]
[Round "2.1"]
[White "Keller, Karsten"]
[Black "Haag, Martin"]
[Result "1-0"]
[WhiteElo "2098"]
[BlackElo "2260"]
[PlyCount "67"]
[EventDate "2013.09.15"]
[EventType "team-tourn"]
[EventRounds "11"]
[EventCountry "GER"]
[SourceTitle "EXT 2023"]
[Source "ChessBase"]
[SourceDate "2022.10.05"]
[SourceVersion "1"]
[SourceVersionDate "2022.10.05"]
[SourceQuality "1"]
[WhiteTeam "Langenfeld II"]
[BlackTeam "Bonn Beuel"]
[WhiteTeamCountry "GER"]
[BlackTeamCountry "GER"]

1. Nf3 c5 2. c4 Nf6 3. Nc3 e6 4. g3 d5 5. cxd5 exd5 6. d4 Nc6 7. Bg2 Be7 8. 0-0 0-0 9. Bg5 c4 10. Ne5 Be6 11. f4 h6 12. Bxf6 Bxf6 13. e4 Bxe5 14. dxe5 d4 15. Nd5 b5 16. Qh5 Rc8 17. g4 d3 18. Nf6+ gxf6 19. Qxh6 Nxe5 20. fxe5 Qd4+ 21. Kh1 Qxe5 22. Rf5 Qxb2 23. Rg1 Bxf5 24. gxf5 Qd4 25. Bf1+ Qxg1+ 26. Kxg1 Rfe8 27. Qxf6 Rxe4 28. Qg5+ Kf8 29. f6 d2 30. Qxd2 Rg4+ 31. Kf2 Rg6 32. Qd6+ Kg8 33. Bh3 Re8 34. Bf5 1-0

[Event "Regionalliga Mittelrhein 1213"]
[Site "Germany"]
[Date "2012.09.09"]
[Round "1.2"]
[White "Keller, Karsten"]
[Black "Sarrau, Jelle"]
[Result "1-0"]
[WhiteElo "2134"]
[BlackElo "2286"]
[PlyCount "71"]
[EventDate "2012.09.09"]
[EventType "team"]
[EventRounds "11"]
[EventCountry "GER"]
[SourceTitle "EXT 2015"]
[Source "ChessBase"]
[SourceDate "2014.11.20"]
[SourceVersion "1"]
[SourceVersionDate "2014.11.20"]
[SourceQuality "1"]
[WhiteTeam "Langenfeld II"]
[BlackTeam "Wuerselen"]
[WhiteTeamCountry "GER"]
[BlackTeamCountry "GER"]

1. Nf3 Nf6 2. c4 c5 3. Nc3 b6 4. d4 cxd4 5. Nxd4 Bb7 6. f3 d6 7. e4 e6 8. Be3 a6 9. Be2 Nbd7 10. 0-0 Be7 11. Qd2 0-0 12. Rab1 Rc8 13. Rfc1 Qc7 14. Rc2 Qb8 15. Bf1 Rfe8 16. Kh1 Bd8 17. Bg1 h5 18. Nd1 Ne5 19. Nf2 Qa8 20. b4 Be7 21. a4 d5 22. exd5 exd5 23. c5 bxc5 24. bxc5 Bxc5 25. Nd3 Bf8 26. Nxe5 Rxc2 27. Qxc2 Rxe5 28. Qb2 Bc8 29. a5 Re8 30. Bd3 Bc5 31. Ne6 Bd6 32. Nxg7 Be5 33. Qd2 Kxg7 34. Qg5+ Kh8 35. Rb6 Ng8 36. Rh6+ 1-0

[Event "Goch op 23rd"]
[Site "Goch"]
[Date "2012.08.31"]
[Round "3"]
[White "Arnaudov, Petar G"]
[Black "Keller, Karsten"]
[Result "1-0"]
[WhiteElo "2489"]
[BlackElo "2171"]
[PlyCount "73"]
[EventDate "2012.08.30"]
[EventType "swiss"]
[EventRounds "7"]
[EventCountry "GER"]
[SourceTitle "EXT 2015"]
[Source "ChessBase"]
[SourceDate "2014.11.20"]
[SourceVersion "1"]
[SourceVersionDate "2014.11.20"]
[SourceQuality "1"]

1. Nf3 Nf6 2. c4 c5 3. Nc3 Nc6 4. d4 cxd4 5. Nxd4 e6 6. a3 Be7 7. e4 d6 8. Be2 Qc7 9. Be3 a6 10. Rc1 0-0 11. 0-0 Ne5 12. f4 Ned7 13. Bf3 Rb8 14. g4 Nb6 15. g5 Nxc4 16. Bf2 Ne8 17. Qe2 Na5 18. Nd5 Qd8 19. Nxe7+ Qxe7 20. b4 Nc6 21. Rxc6 bxc6 22. Nxc6 Qc7 23. Nxb8 Qxb8 24. Rc1 Bb7 25. Qc2 Qa8 26. Bg2 f5 27. Qb3 fxe4 28. Qxe6+ Kh8 29. Be3 Qd8 30. Rd1 d5 31. Qxe4 Nd6 32. Qd3 d4 33. Bxb7 Nxb7 34. Qxd4 Qc8 35. Qd7 Qc2 36. Rc1 Qe4 37. Bd4 1-0

[Event "Leverkusen Bayer op 10th"]
[Site "Leverkusen"]
[Date "2012.03.21"]
[Round "6"]
[White "Keller, Karsten"]
[Black "Blomeyer, Peter"]
[Result "1-0"]
[WhiteElo "2127"]
[BlackElo "1769"]
[PlyCount "55"]
[EventDate "2012.01.11"]
[EventType "swiss"]
[EventRounds "7"]
[EventCountry "GER"]
[SourceTitle "EXT 2014"]
[Source "ChessBase"]
[SourceDate "2013.11.20"]
[SourceVersion "1"]
[SourceVersionDate "2013.11.20"]
[SourceQuality "1"]

1. Nf3 d6 2. d4 Nf6 3. c4 Nbd7 4. Nc3 e5 5. e4 Be7 6. Be2 0-0 7. 0-0 Re8 8. Re1 c6 9. Bf1 Bf8 10. Rb1 g6 11. b4 Bg7 12. d5 Qc7 13. dxc6 bxc6 14. b5 Bb7 15. Ba3 c5 16. Rb3 Nf8 17. Nd5 Qd8 18. Nxf6+ Bxf6 19. Rd3 Qa5 20. Rxd6 Qxa3 21. Rxf6 Qxa2 22. Ng5 Re7 23. Qf3 Qd2 24. Re3 Qd7 25. Rd3 Qc7 26. Qh3 Rd8 27. Rdf3 Rd2 28. Qh6 1-0